Conics and cubics : a concrete introduction to algebraic curves

Αποθηκεύτηκε σε:
Λεπτομέρειες βιβλιογραφικής εγγραφής
Κύριος συγγραφέας: Bix, Robert 1953-
Μορφή: Βιβλίο
Γλώσσα:English
Δημοσίευση: New York ; Berlin : Springer, c1998
Σειρά:Undergraduate texts in mathematics
Θέματα:
Ετικέτες: Προσθήκη ετικέτας
Δεν υπάρχουν, Καταχωρήστε ετικέτα πρώτοι!

MARC

LEADER 00000nam a2200000 i 4500
001 1/93599
008 991122s1998 eng d
020 |a 0387984011 
035 |l 10054465 
040 |a GR-MY-UA  |b gre  |e aacr 
041 0 |a eng 
082 0 |a 516.352 
100 1 |a Bix, Robert  |d 1953- 
245 1 0 |a Conics and cubics :  |b a concrete introduction to algebraic curves /  |c Robert Bix 
260 |a New York ; Berlin :   |b Springer,   |c c1998 
300 |a x, 289 p.;  |b ill.;  |c 25 cm. 
490 1 |a Undergraduate texts in mathematics 
500 |a Includes bibliographical references and index 
650 0 0 |a Curves, Algebraic. 
830 0 |a Undergraduate texts in mathematics 
852 |a INST  |b SAMOS  |e 19991122  |h 516.352 BIX  |p 005300017119  |q 005300017119  |t BK  |y 0 
901 |a BIBL3-1999-3 
909 |a Σ  |b 067233 
922 |a 3ΕΛΗ  |b 199909  |c ΕΠΕΑΕΚ/ΜΑΘ  |d ΠΑΠΑΣΩΤΗΡΙΟΥ 
970 |a ΓΕΝΟΥΖΟΥ  |b ΧΡΥΣΑΝΘΗ  |z 1999/11/22